Damiyan / (Record no. 6312)
[ view plain ]
| 000 -LEADER | |
|---|---|
| fixed length control field | 00414cam a2200169ua 4500 |
| 041 ## - LANGUAGE CODE | |
| Language code of text/sound track or separate title | mal |
| 082 ## - DEWEY DECIMAL CLASSIFICATION NUMBER | |
| Classification number | 894.812 |
| Item number | PAU/DA |
| 100 ## - MAIN ENTRY--AUTHOR NAME | |
| Personal name | Paul, K A . |
| 245 ## - TITLE STATEMENT | |
| Title | Damiyan / |
| 260 ## - PUBLICATION, DISTRIBUTION, ETC. (IMPRINT) | |
| Place of publication | Eranakulam : |
| Name of publisher | Sahitya Nilayam Printers and Publishing House , |
| Year of publication | 1954. |
| 300 ## - PHYSICAL DESCRIPTION | |
| Number of Pages | 82 ; . |
| 942 ## - ADDED ENTRY ELEMENTS (KOHA) | |
| Koha item type | Books |
| Withdrawn status | Lost status | Damaged status | Home library | Current library | Date acquired | Full call number | Accession Number | Koha item type |
|---|---|---|---|---|---|---|---|---|
| Withdrawn | KAUAET | Central Prison Tavanur | 07/04/2012 | 894.812 | 4686 | Books |
